Statistics for Tricky Geography Quiz

Click here to take the quiz!

General Stats

  • This quiz has been taken 17 times
    (7 since last reset)
  • The average score is 12 of 15

Answer Stats

QuestionAnswer% Correct
How many US States are there?50
100%
What is Earth's largest continent? ...Asia
100%
What is the capital of Thailand?Bangkok
100%
Which of the given countries belongs to Scandivia?Norway
100%
What is the Capital of Iceland?Reykjavik
100%
What country is known to have the best quality tap water?Switzerland
100%
Which of the given countries has the most billionaires?United States
100%
How Many Countries Does Mexico Border?3
80%
Country in Africa with over >50M populationTanzania
80%
How many Countries There are in South America?12
60%
Which of the given countries has the largest population?India
60%
Where are the Spanish Steps located?Italy
60%
Which African nation has the most pyramids?Sudan
60%
What river runs through Baghdad?Tigris
60%
What Is The Shortest Border In The Entire World?Spain And Morocco
20%

Score Distribution

Percentile by Number Answered

Percent of People with Each Score

Your Score History

You have not taken this quiz since the last reset